00499nam a2200205Ia 4500020001800000082001400018100001900032245001300051260003200064300001000096440003600106504001900142650001300161650002400174650002100198650002300219650001400242650001800256700001900274 a81-7649-273-6 a301 FRE-F aFreedman, Jane 0aFeminism aNew DelhibViva Booksc2002 a106p. aConcepts in the Social Sciences aIncludes index aFeminism aEmployment of women aWomen's movement aWomen - Employment aEthnicity aAnti-feminism aParkin, Frank